000 00848nam0a22002651 4500
001 rc\2781060
005 20260407091853.0
035 _a(NLR Aleph) 006907296
090 _a7310203
_c7310203
100 _a20110915d1942 u y0rusy50 ca
101 0 _arus
102 _aRU
105 _ay z |||||
200 1 _aЗаседание Верховного Совета СССР 18 июня 1942 года
210 _a[Челябинск]
_cОГИЗ Челябгиз
_d1942
215 _a42, [2] с.
_d22 см.
710 0 1 _aСССР
_bВерховный Совет
_9307826
_3RU\NLR\AUTH\8817309
801 0 _aRU
_bNLR
_gpsbo
801 1 _aRU
_bELAR
_2rusmarc
852 _aNLR
_jИр66 Г-4/16
852 _aNLR
_jИр66 Г6/25
942 _cBOOK
945 _aРоссийская национальная библиотека
980 _aNB
980 _aBV